000 00728cam a2200241 a 4500
008
020 _a9780470533642 (hbk.)
049 _aMAIN
090 _aHD38.7
_bWAT
100 1 _aWaters, T. J.
245 1 0 _aHyperformance :
_busing competitive intelligence for better strategy and execution /
_cT.J. Waters.
260 _aSan Francisco :
_bJossey-Bass,
_cc2010.
300 _aviii, 256 p. :
_bill. ;
_c24 cm.
500 _aIncludes index.
650 0 _aBusiness intelligence.
650 0 _aStrategic planning.
650 0 _aCompetition.
907 _a.b10331931
_b05-06-13
_c03-06-13
003
005 20241210172648.0
040 _cNUST
942 _cBOOKS
_kHD38.7
_mWAT
_01
999 _c126121
_d126121